000 00346nam a2200133 i 4500
001 bg
100 1 _aWEISS, Stanisław
245 0 _aStateczność cienkościennych układów prętowych wiązanych. Z.32 /
_cS. Weiss.
260 _aKraków,
_c1968.
040 _cBPK
041 _apol
942 _cKS
008 s pl f |000 0 pol
999 _c10529
_d10529
856 _uhttp://koha.tu.koszalin.pl/cgi-bin/koha/opac-detail.pl?biblionumber=10529
_yKatalog online BPK